书目信息 |
| 题名: |
中国艺术品收藏鉴赏图录
|
|
| 作者: | 姜颂鹏 主编 | |
| 分册: | ||
| 出版信息: | 苏州 古吴轩出版社 2006 |
|
| 页数: | 158页 | |
| 开本: | 21cm | |
| 丛书名: | ||
| 单 册: | ||
| 中图分类: | G894-64 , K875.42 | |
| 科图分类: | ||
| 主题词: | 艺术--作品--鉴赏--中国--图录 , 文化用品--收藏--中国--图录 , 文化用品--鉴赏--中国--图录 , 艺术 , 作品 , 收藏 , 艺术--作品--收藏--中国--图录 , 文化用品 , 鉴赏 | |
| 电子资源: | ||
| ISBN: | 7-80733-088-0 | |
| 000 | 01153nam0 2200361 450 | |
| 000 | 01157nam0 2200361 450 | |
| 000 | 01087nam0 2200337 450 | |
| 000 | 01051nam0 2200325 45 | |
| 005 | 20070516174310.40 | |
| 010 | @a7-80733-088-0@dCNY40.00(全八册320.00) | |
| 100 | @a20070322d2006 em y0chiy0120 ea | |
| 101 | 0 | @achi |
| 102 | @aCN@b320000 | |
| 105 | @aa z 000yy | |
| 200 | 1 | @a中国艺术品收藏鉴赏图录@AZhong Guo Yi Shu Pin Shou Cang Jian Shang Tu Lu@e文房清供@EWen Fang Qing Gong@f姜颂鹏主编 @FJiang Song Peng Zhu Bian |
| 210 | @a苏州@c古吴轩出版社@d2006 | |
| 215 | @a158页@c彩图@d21cm | |
| 330 | @a本书中所展示的是中国艺术品收藏鉴赏图录中陶瓷的。 | |
| 517 | 1 | @a文房清供@AWen Fang Qing Gong |
| 606 | 0 | @a艺术@x作品@x鉴赏@y中国@x图录 |
| 606 | 0 | @a文化用品@x收藏@y中国@x图录 |
| 606 | 0 | @a文化用品@x鉴赏@y中国@x图录 |
| 606 | 0 | @a艺术 |
| 606 | 0 | @a作品 |
| 606 | 0 | @a收藏 |
| 606 | 0 | @a艺术@x作品@x收藏@y中国@x图录 |
| 606 | 0 | @a文化用品 |
| 606 | 0 | @a鉴赏 |
| 690 | @aG894-64@v4 | |
| 690 | @aK875.42@v4 | |
| 701 | 0 | @a姜颂鹏@AJiang Song Peng@4主编 |
| 801 | 0 | @aCN@bTAOJIN@c20070516 |
| 905 | @a10447@dG894-64@e254:8 | |
| 中国艺术品收藏鉴赏图录:文房清供/姜颂鹏主编 .-苏州:古吴轩出版社,2006 |
| 158页:彩图;21cm |
| ISBN 7-80733-088-0:CNY40.00(全八册320.00) |
| 本书中所展示的是中国艺术品收藏鉴赏图录中陶瓷的。 |
| ● |
| 相关链接 |
|
|
|
|
正题名:中国艺术品收藏鉴赏图录
索取号:G894-64/254:8
 
预约/预借
| 序号 | 登录号 | 条形码 | 馆藏地/架位号 | 状态 | 备注 |
| 1 | 0520868 | 205208684 | 第一样本阅览室/ [索取号:G894-64/254:8] | 在馆 | |
| 2 | 0520869 | 205208693 | 第四借阅区/ [索取号:G894-64/254:8] | 在馆 | |
| 3 | 0520870 | 205208700 | 第四借阅区/ [索取号:G894-64/254:8] | 在馆 | |
| 4 | 0520871 | 205208719 | 第四借阅区/ [索取号:G894-64/254:8] | 在馆 | |
| 5 | 0520872 | 205208728 | 第四借阅区/ [索取号:G894-64/254:8] | 在馆 |